1207 1030 1318 1366 1054 1885 1545 1893 1705 1754 1910 1343 1240 1509 1788 1073 1841 1707 1259 1827 1401 1893 1919 1800 1823 1448 1502 1925 1263 1686 1277 1046 1864 1276 1826 1436 1815 1173 1115 1356 1528 1670 1595 1771 1027 1909 1216 1422 1708 1203 1802 1760 1969 1350 1907 1021 1510 1464 1286 1963 1693 1618 1826 1990 1739 1066 1832 1157 1759 1885 1213 1100 1597 1829 1801 1196 1663 1402 1855 1021 1584 1133 1914 1216 1798 1339 1006 1735 1004 1487 1355 1298 1498 1506 1091 1945 1615 1090 1368 BCNSPRNW ULIB Ver.6.0+V

เปลี่ยนเป็นภาษาไทย

Change to English
 แสดงรายละเอียดบรรณานุกรม
  กลับหน้าหลัก

Brief Record : Get Marc (ISO 2709) : E-mail record : QR code < ปิดหน้าต่าง
LEADER : 00000nam 2200000uu 4500
001    13399124631
003     ULIB
008    151103s2557||||th 000 0 tha d
020    ^a9786165518673
090    ^aรส^bข536ส^d
100 0  ^aขจรฤทธิ์ รักษา
245 10 ^aไม่เป็นไร 10 เรื่องสั้นโครงการเด็กไทยเท่ได้ ไร้แอลกอฮล์/^cบรรณาธิการ,ขจรฤทธิ์ รักษา
246 0  ไม่เป็นไร 10 เรื่องสั้นยอดเยี่ยมจากโครงการประกวดเรื่องสั้น"เด็กไทยเท่ได้ ไร้แอลกอฮอล์
250    ^aพิมพ์ครั้งที่ 1.
260    ^aกรุงเทพฯ :^bโรงพิมพ์เดือนตุลา,^c2557.
300    ^a237หน้า ;^c21 ซม.
650  7 ^aนวนิยาย
650  0 ^aเรื่องสั้นไทย
945    ^p0^l0^i000166
945    ^p0^l0^i000167
945    ^p0^l0^i000168
999    ^aเกษร โพธิ์สุวรรณ
รายการนี้ยังไม่มีแท็ก
คุณยังไม่ได้ล็อกอิน คุณสามารถมีกิจกรรมร่วมกับเว็บไซต์ได้ แต่ต้องล็อกอินก่อน ::
  ล็อกอิน

รายการสื่อสารสนเทศ

ลำดับที่ ประเภท เลขเรียก/บาร์โค้ด สถานที่ สถานะ
1. นวนิยาย
หนังสือสำรอง
สถานะ=หนังสือสำรอง
รส ข536ส ฉ.1 
  Barcode: 000166
ห้องสมุดวิทยาเขตสวรรค์ประชารักษ์
►หนังสือทั่วไป
บนชั้น
2. นวนิยาย
นวนิยาย
รส ข536ส ฉ.2 
  Barcode: 000167
ห้องสมุดวิทยาเขตสวรรค์ประชารักษ์
►หนังสือทั่วไป
บนชั้น
3. นวนิยาย
นวนิยาย
รส ข536ส ฉ.3 
  Barcode: 000168
ห้องสมุดวิทยาเขตสวรรค์ประชารักษ์
►หนังสือทั่วไป
บนชั้น

รายการใกล้เคียง
    หัวเรื่อง [นวนิยาย]
    หัวเรื่อง [เรื่องสั้นไทย]

BibComment


ยังไม่เคยถูกคอมเมนท์

คอมเมนท์ทรัพยากรรายการนี้
  คอมเมนท์: ไม่เป็นไร 10 เรื..


 Copyright 2026. Bcnsprnw @Library